000 00479nam a2200217Ia 4500
001 12085
003 GE_BSU
008 181216s||||||||xx |||||||||||||| ||und||
020 _a9780195313802
040 _cGE_BSU
080 _a616.9+036.22
245 _aField Epidemilogy
250 _aThird Edition
260 _aOxford
260 _bOxford University Press
260 _c2008
300 _a572p.24cm.
541 _h123Gel.
653 _aField Epidemilogy
942 _cBK
999 _c45262
_d45262